| 000 | 00749nab a2200229 4500 | ||
|---|---|---|---|
| 003 | BR-BrBNA | ||
| 005 | 20250525132504.0 | ||
| 008 | 250525b bl.||||| |||| 00| 0 por d | ||
| 040 |
_aBR-BrBNA _bpor |
||
| 072 |
_aF01 ; P06 _b0316 |
||
| 100 | _aVital, Nicholas | ||
| 245 |
_aO milagroso babaçu brasileiro _bAgronegócios |
||
| 500 | _a2 illus. | ||
| 650 | _aBABAÇU | ||
| 650 | _aPALMEIRA OLEAGINOSA | ||
| 650 | _aBIOCOMBUSTÍVEL | ||
| 650 | _aAVIAÇÃO | ||
| 650 | _aEMISSÃO DE CARBONO | ||
| 773 | 0 |
_01706 _9347870 _dSão Paulo-SP Editora Três Ltda - E-mail: luizfsa@revistadinheiro.com.br 2004 _o2025-0371 _tDinheiro Rural (Brazil) _x1807-3700 _gv. 5(42) p. 24-29; (Apr 2008) _wBR2025001175 |
|
| 942 | _cANA | ||
| 999 |
_c331709 _d331709 |
||